La corte santa (Record no. 8471)

MARC details
000 -CABECERA
campo de control de longitud fija 00990nam a2200229 a 4500
001 - NÚMERO DE CONTROL
campo de control BRCA_8820
005 - FECHA Y HORA DE LA ÚLTIMA TRANSACCIÓN
campo de control 20190320210426.0
008 - DATOS DE LONGITUD FIJA--INFORMACIÓN GENERAL
campo de control de longitud fija 260417s1750----sp-#######---#000-0#spa-#
041 ## - CÓDIGO DE LENGUA
Código de lengua del texto/banda sonora o título independiente spa
044 ## - CÓDIGO DEL PAÍS DE LA ENTIDAD EDITORA/PRODUCTORA
Código MARC del país sp
084 ## - OTRO NÚMERO DE CLASIFICACIÓN
Número de clasificación BE201
Número de documento/Ítem .C38 1750
100 1# - ENTRADA PRINCIPAL--NOMBRE DE PERSONA
Nombre de persona Causino, Nicolas
Fechas asociadas al nombre 1538 - 1651
9 (RLIN) 21981
245 10 - MENCIÓN DE TÍTULO
Título La corte santa
Mención de responsabilidad, etc. escrita en francés por el Rmo. P. Nicolas Causino...; traducida en castellano por D. Pedro Gonzalez de Godoy; tomo quince, en que se trata el reyno de Dios, o disertaciones sobre los libros de los Reyes.
260 ## - PUBLICACIÓN, DISTRIBUCIÓN, ETC.
Lugar de publicación, distribución, etc. Madrid
Nombre del editor, distribuidor, etc. En la Imprenta de Antonio Perez de Soto, calle de la Abada
Fecha de publicación, distribución, etc. 1750
300 ## - DESCRIPCIÓN FÍSICA
Extensión [4], 406 p. (t.15)
Dimensiones 15.2 x 10 cm.
500 ## - NOTA GENERAL
Nota general Con las aprobaciones, y licencias necesarias
500 ## - NOTA GENERAL
Nota general Estado físico: presenta encuadernación en pergamino, con cintas rotas y lomo semi desprendido
650 14 - PUNTO DE ACCESO ADICIONAL DE MATERIA--TÉRMINO DE MATERIA
Término de materia o nombre geográfico como elemento de entrada Vida cristiana
Subdivisión cronológica Obras anteriores a 1800
9 (RLIN) 21266
700 1# - PUNTO DE ACCESO ADICIONAL--NOMBRE DE PERSONA
Nombre de persona Gonzalez de Godoy, Pedro
Término indicativo de función/relación tr.
9 (RLIN) 21982
902 ## - CATALOGADOR
Iniciales CFM
942 ## - ELEMENTOS DE PUNTO DE ACCESO ADICIONAL (KOHA)
Fuente del sistema de clasificación o colocación Library of Congress Classification
Tipo de ítem Koha Libros
Holdings
Estado de retiro Estado de pérdida Estado dañado No para préstamo Localización permanente Ubicación/localización actual Fecha de adquisición Total de préstamos Signatura topográfica completa Código de barras Fecha visto por última vez Precio válido a partir de Tipo de ítem Koha
El ejemplar forma parte de la colección y puede ser consultado según las políticas vigentes.       Biblioteca del Museo Franz Mayer (Rogerio Casas-Alatriste) Biblioteca del Museo Franz Mayer (Rogerio Casas-Alatriste) 26/04/2017   BE201 .C38 1750 CFM00147 22/03/2019 22/03/2019 Libros